|
|
|
|
| LEADER |
00000cam a2200000 a 4500 |
| 001 |
vtls001090690 |
| 003 |
SK-MaSNL |
| 005 |
20260301055555.0 |
| 008 |
240226s1983 xo a gr 001 0 slo |
| 015 |
|
|
|a SNBA1983/03
|
| 020 |
|
|
|q (viazané)
|
| 035 |
|
|
|a SNK000033532
|
| 035 |
|
|
|a 20063B19-46C3-4D81-9AE2-AFA9B53A8E9F
|
| 035 |
|
|
|a urn:nbn:sk:snk-am00iijq
|
| 040 |
|
|
|a SNK
|b slo
|c SNK
|e AACR2
|
| 041 |
1 |
|
|a slo
|h hun
|
| 044 |
|
|
|a xo
|c SK
|
| 072 |
|
7 |
|a 581
|x Všeobecná botanika
|2 konspekt
|
| 080 |
|
|
|a 582(035)
|2 1997
|
| 080 |
|
|
|a 581.9
|2 2011
|
| 080 |
|
|
|a 581.9(254)
|2 2011
|
| 080 |
|
|
|a (048.8)
|2 2011
|
| 080 |
|
|
|a 581.41
|2 2011
|
| 080 |
|
|
|a 581.9:630
|2 2011
|
| 100 |
1 |
|
|a Csapody, István,
|d 1930-2002
|4 aut
|9 369413
|
| 240 |
1 |
0 |
|a Erdö mezö növényei
|l Slovensky
|
| 245 |
1 |
0 |
|a Rastliny lesov a lúk
|c I. Csapody, V. Csapodyová, S. Jávorka ; [z maďarského originálu Erdö mezö növényei preložil a pre slovenské pomery upravil Aladár Hlaváček ; ilustrácie Vera Csapodyová]
|
| 250 |
|
|
|a 1. vyd.
|
| 260 |
|
|
|a Bratislava
|b Príroda
|c 1983
|e Košice
|f Východoslovenské tlačiarne
|
| 300 |
|
|
|a 185 strán, 120 strán obrazových príloh
|b farebné ilustrácie
|c 21 cm
|
| 366 |
|
|
|e 2000 výtl.
|
| 490 |
1 |
|
|a Rastlinná výroba
|
| 500 |
|
|
|a Mimo edície. Rozložená titulná strana
|
| 504 |
|
|
|a Obsahuje register slovenských názvov rastlín a register latinských názvov rastlín
|
| 650 |
0 |
7 |
|a flóra
|2 SNKPH
|9 85117
|
| 650 |
0 |
7 |
|a lesné rastliny
|2 SNKPH
|9 90149
|
| 650 |
0 |
7 |
|a lúčne rastliny
|2 SNKPH
|9 99173
|
| 650 |
0 |
7 |
|a morfológia rastlín
|2 SNKPH
|9 73305
|
| 655 |
|
7 |
|a prehľady
|2 SNKPH
|9 70194
|
| 700 |
1 |
|
|a Csapody, Vera,
|d 1890-1985
|4 aut
|4 ill
|9 369414
|
| 700 |
1 |
|
|a Jávorka, Sándor,
|d 1883-1961
|4 aut
|9 369415
|
| 700 |
1 |
|
|a Hlavaček, Aladár,
|d 1906-1999
|4 trl
|9 56645
|
| 830 |
|
0 |
|a Rastlinná výroba
|9 265184
|
| 852 |
|
|
|a Slovenská národná knižnica
|
| 954 |
|
|
|a odborná, vedecká literatúra cudzojazyčná (svetová)
|2 lita
|
| 958 |
|
|
|a OND
|
| 958 |
|
|
|a TL
|
| 958 |
|
|
|a OP
|
| 958 |
|
|
|a HU
|
| 958 |
|
|
|a EUIPO
|
| 968 |
|
|
|b MAG
|
| 999 |
|
|
|c 613669
|d 615599
|
| 952 |
|
|
|a SNK
|b SNK
|y PREZ
|7 0
|p 17A0894639
|o snkSC 57554
|i snkKSP 1774/83
|0 0
|1 0
|4 0
|d 2012-08-15
|f 1
|l 0
|r 2025-06-03 00:00:00
|w 2026-02-23
|
| 952 |
|
|
|t P60, <04>, [BOOK], {604}
|a SNK
|b SNK
|y VYP
|7 0
|p 17A0145717
|o snkSC 57554 D1
|0 0
|1 0
|4 0
|d 1998-06-24
|l 0
|r 2004-12-31 00:00:00
|w 2026-02-23
|